000 00499aam a2200205 4500
005 20231006095327.0
008 150406b1998 xxu||||| |||| 00| 0 spa d
041 _aESP
082 _a306 A774c
100 _aArrea, Floria
245 _aConozcamos nuestras raíces
260 _aCosta Rica
260 _bEUCR
260 _c1998
300 _a29 páginas
650 _aCOSTA RICA
650 _aANTROPOLOGÍA CULTURAL
650 _aRAÍCES DEL COSTARRICENSE
942 _cBK
_2ddc
999 _c1089
_d1089